Jungletantram / (Record no. 130144)

MARC details
000 -LEADER
fixed length control field 00770nam a22002657a 4500
003 - CONTROL NUMBER IDENTIFIER
control field dpl
005 - DATE AND TIME OF LATEST TRANSACTION
control field 20190820180853.0
008 - FIXED-LENGTH DATA ELEMENTS--GENERAL INFORMATION
fixed length control field 190820b ||||| |||| 00| 0 eng d
010 ## - LIBRARY OF CONGRESS CONTROL NUMBER
LC control number B-162326, B-162329
020 ## - INTERNATIONAL STANDARD BOOK NUMBER
Terms of availability 150.00
International Standard Book Number 8186425195
035 ## - SYSTEM CONTROL NUMBER
System control number B-162326
037 ## - SOURCE OF ACQUISITION
Source of stock number/acquisition Cen Lib/Ret
037 ## - SOURCE OF ACQUISITION
Source of stock number/acquisition BPPD/PUB
040 ## - CATALOGING SOURCE
Original cataloging agency DPL
Language of cataloging EN
Transcribing agency dpl
082 ## - DEWEY DECIMAL CLASSIFICATION NUMBER
Classification number N
Item number GOS
100 ## - MAIN ENTRY--PERSONAL NAME
Personal name Goswami, S.
9 (RLIN) 28424
245 ## - TITLE STATEMENT
Title Jungletantram /
Statement of responsibility, etc by S. Goswami; traslated by R.B. Singh
260 ## - PUBLICATION, DISTRIBUTION, ETC. (IMPRINT)
Place of publication, distribution, etc New Delhi
Name of publisher, distributor, etc Confluence International
Date of publication, distribution, etc 2004
270 ## - ADDRESS
City New Delhi
Address 203/E-588, Greater Kailash
Postal code 110048
300 ## - PHYSICAL DESCRIPTION
Extent 116p.
Dimensions 23cm(Hb)
650 ## - SUBJECT ADDED ENTRY--TOPICAL TERM
Topical term or geographic name as entry element English literature
9 (RLIN) 102026
650 ## - SUBJECT ADDED ENTRY--TOPICAL TERM
Topical term or geographic name as entry element English novel
9 (RLIN) 14422
700 ## - ADDED ENTRY--PERSONAL NAME
Personal name Singh, R.B.
9 (RLIN) 28426
942 ## - ADDED ENTRY ELEMENTS (KOHA)
Source of classification or shelving scheme Dewey Decimal Classification
Koha item type English Books
Classification part N
Call number suffix GOS
Holdings
Withdrawn status Lost status Damaged status Not for loan Home library Current library Date acquired Source of acquisition Cost, normal purchase price Total Checkouts Full call number Barcode Date last seen Copy number Cost, replacement price Price effective from Koha item type Source of classification or shelving scheme Collection code
        Central Library Central Library 08/07/2015 Cen Lib/Ret 150.00   N GOS B-162326 08/07/2015 1 150.00 08/07/2015 English Books    
        R.K.Puram-8 R.K.Puram-8 20/08/2019 BPPD/Purchase 150.00   N GOS B-162329 20/08/2019 1 150.00 20/08/2019 English Books Dewey Decimal Classification Fiction
        Sarojini Nagar Sarojini Nagar 12/12/2018       N GOS B-162328 12/12/2018     12/12/2018 English Books Dewey Decimal Classification Fiction

© Delhi Public Library
Hit Counter
free hit counter